000 00537nam a2200181 a 4500
001 001058540
003 AM-YeHGA
005 20250617151106.0
008 150210s1980 ||| r 000 0 rus d
040 _aAM-YeHGA
041 0 _arus
100 1 _aСилаков, Александр Семенович
245 1 0 _aКонфликт :
_bПовесть /
_cАлександр Силаков.
260 _aЛ. :
_bЛениздат,
_c1980.
300 _a344 с.
650 1 4 _aСоветская литература
090 _c346203
999 _c344405
_d344405